32 - Né(es) un 1er février - Statistiques

Statistiques générales
  • Ce quiz a été pris 18 fois
  • Le résultat moyen est 7 sur 13
Statistiques - réponses
Hint Année de naissance Réponse % Correct
Chanteur français. Font partie de son répertoire: "Belles ! Belles ! Belles !", "Cette année-là", "Le Lundi au soleil", "Le téléphone pleure", "Alexandrie Alexandra' et "Comme d'habitude". 1939 Claude François|Cloclo
100%
Actrice française. Fille de Josiane Balasko. Vue dans "Nos jours heureux", "Vilaine" et "Joséphine". 1983 Marilou Berry
75%
Chanteur des années 70 connu pour "Laisse-moi t'aimer", "C'est ma prière", "C'est comme ça que je t'aime" ainsi que sa fin funeste. 1947 Moshe Brand|Mike Brant
75%
Dernière fille du prince Rainier III et de la princesse Grace. 1965 Stéphanie de Monaco
69%
Acteur américain. Oscar du meilleur acteur en 1934 pour "New-York-Miami". Joua avec Marilyn Monroe dans "Les Désaxés". Reconnaissable à sa fine moustache. 1901 Clark Gable
63%
Fille du plus grand chanteur de l'histoire du rock'n roll. 1968 Lisa Marie Presley
63%
Journaliste française. Présentatrice attitrée du journal du week-end de TF1 depuis 2015. 1977 Anne-Claire Coudray
56%
Chanteur un temps membre du boys band "One Direction". Son premier album solo porte son nom. 1994 Harry Edward Styles
50%
Photographe pour le magazine "Salut les copains" qui réalisa la "Photo du siècle" en 1966. Fils naturel d'Henri Salvador. 1940 Jean-Marie Pillu|Jean-Marie Périer
50%
Réalisateur américain. Quatre fois lauréat de l'Oscar du meilleur réalisateur pour "Le Mouchard" (1935), "Les Raisins de la colère" (1940), "Qu'elle était verte ma vallée" (1941) et "L'Homme tranquille" (1952). 1894 John Ford|John Feeney
44%
Lexicographe français, connu pour son "Dictionnaire de la langue française" qui porte son nom. 1801 Émile Littré
13%
DJ français. A commis "Shot in the Dark" et "Home Box". Fondateur du label français "F Communications". 1966 Laurent Garnier
6%
Politologue, sociologue et historien franco-allemand. Père d'un historien au prénom de Pierre. Fait partie des quatre premiers directeurs de recherche de la Fondation Nationale des Sciences Politiques, aux côtés de René Rémond, Jean-Baptiste Duroselle et Jean Touchard. 1925 Alfred Grosser
0%
Aucun quiz correspondant
Distribution des résultats
% des personnes avec chaque résultat
Percentile par nombre de réponses
Votre historique - résultats
Vous n’avez pas pris ce quiz